| 000 | 01541 a2200253 4500 | ||
|---|---|---|---|
| 001 | 49329 | ||
| 005 | 20260407155756.0 | ||
| 008 | 260407a2018 arg spa d | ||
| 003 | AR-UNSa-BCEJYS | ||
| 040 |
_aAR-UNSa-BCEJYS _bspa _cAR-UNSa-BCEJYS |
||
| 080 |
_a657 _xContabilidad |
||
| 245 | 1 | 0 | _aConociendo la contabilidad |
| 020 | _a978-987-716-097-0 | ||
| 250 | _a3a. ed | ||
| 264 | 1 |
_aBuenos Aires : _bOsmar D. Buyatti _c2018 |
|
| 300 |
_a464 p. _c23 cm |
||
| 505 | _a1. Los agentes económicos. El ente - 2. El patrimonio - 3. Evolución temporal y marco normativo de la contabilidad - 4. Las normas contables. Las organizaciones profesionales - 5. Naturaleza y definiciones de la contabilidad. La contabilidad como mensaje cifrado - 6. Sujeto, objeto y objetivo de la contabilidad. Los usos de la información contable. Funciones de la contabilidad - 7. La igualdad fundamental contable - 8. El devengo y las variaciones patrimoniales. Apropiaciones de resultados al ejercicio contable - 9. Fundamentos de la partida doble - 10. El proceso contable - 11. Revelación y documentación respaldatoria - 12. Segunda etapa: clasificación las cuentas en la contabilidad - 13. Valuación (medición contable) - 14. Registración - 15. Hoja de trabajo (pre-balance) - 16. Exposición. | ||
| 041 | _aspa | ||
| 942 | _cBK | ||
| 590 | _aniveau_biblio:m niveau_hierar:0 | ||
| 100 | 1 | _aTelese, Miguel | |
| 700 | 1 | _aBaeza, Noralí | |
| 856 | 4 | 1 |
_uhttps://www.biblioeco.unsa.edu.ar/pmb/images/libros/L127965.jpg _yImagen de portada _qimage/jpeg |
| 999 |
_c4800 _d4800 |
||